000 00845nab a2200253 u 4500
001 14342
003 HDC
007 cr bn ---aaaaa
008 210214b2017mmddxxud||no |||| 00| 0 eng d
040 _aHDC
100 _aRitter, Victoria
_914912
245 0 _aTurkey seeks to become key player in halal food sector
_c/ Victoria Ritter
260 _aUnited States:
_bGear of Biz,
_c2017
300 _a1 online resource
336 _atext
_2rdacontent
337 _acomputer
_2rdamedia
338 _aonline resource
_2rdacarrier
650 _aHalal food industry
_zTurkey
_914861
710 _aGear of Biz
856 _zRequest full-text at [email protected]
942 _2lcc
942 _cNEWS
942 _kNWSO 003691
999 _c11658
_d11658